Aire de tango (Registro nro. 533)
[ vista simple ]
| 000 -CABECERA | |
|---|---|
| Longitud fija campo de control | 01091nam a2200337 i 4500 |
| 005 - • FECHA Y HORA DE LA ÚLTIMA TRANSACCIÓN | |
| Fecha y hora de la última transacción | 20220316235309.0 |
| 007 - • CAMPO FIJO DE DESCRIPCIÓN FÍSICA | |
| Campo fijo de descripción física | ta |
| 008 - • CÓDIGOS DE INFORMACIÓN DE LONGITUD FIJA | |
| Códigos de información de longitud fija | 200421s2003 ck gr 000 fdspa d |
| 020 ## - • NÚMERO INTERNACIONAL NORMALIZADO PARA LIBROS | |
| Número Internacional Normalizado para Libros (ISBN) | 9581400702 |
| 040 ## - FUENTE DE LA CATALOGACIÓN | |
| Centro catalogador de origen | CO-BoRNBP |
| Lengua de catalogación | spa |
| Normas de descripción | rda |
| Centro transcriptor | CO-BoRNBP |
| 041 0# - • CÓDIGO DE LENGUA | |
| Código de lengua del texto/banda sonora o título independiente | spa |
| 043 ## - CÓDIGO DE ÁREA GEOGRÁFICA | |
| Código de área geográfica | s-ck--- |
| 084 ## - • Clasificación Local Alfanúmerica PNLB | |
| Número de clasificación | N MEJ4 |
| 100 1# - • PUNTO DE ACCESO PRINCIPAL-NOMBRE DE PERSONA | |
| Nombre de persona | Mejía Vallejo, Manuel |
| Fechas asociadas al nombre | 1923-1998 |
| Término indicativo de función | autor |
| 245 10 - • TITULO PROPIAMENTE DICHO | |
| Título | Aire de tango |
| Mención de responsabilidad, etc. | Manuel Mejía Vallejo |
| 250 ## - • MENCIÓN DE EDICIÓN | |
| Mención de edición | Séptima edición |
| 264 #1 - PRODUCCIÓN, PUBLICACIÓN , DISTRIBUCIÓN, FABRICACIÓN Y COPYRIGHT | |
| Lugar de producción, publicación, distribución, fabricación | Bogotá, Colombia |
| Nombre del productor, editor, distribuidor, fabricante | Plaza y Janés |
| Fecha de de producción, publicación, distribución, fabricación o copyright | 2003 |
| 300 ## - • DESCRIPCIÓN FÍSICA | |
| Extensión | 250 páginas |
| Dimensiones | 19 cm |
| 336 ## - TIPO DE CONTENIDO | |
| Término de tipo de contenido | texto |
| Código de tipo de contenido | txt |
| Fuente | rdacontent |
| 337 ## - TIPO DE MEDIO | |
| Nombre del tipo de medio | sin mediación |
| Código del tipo de medio | n |
| Fuente | rdamedia |
| 338 ## - TIPO DE SOPORTE | |
| Nombre del tipo de soporte | volumen |
| Código del tipo de soporte | nc |
| Fuente | rdacarrier |
| 490 0# - • MENCIÓN DE SERIE | |
| Mención de serie | Narrativa colombiana |
| 521 ## - • NOTA DE PÚBLICO DESTINATARIO | |
| Nota público destinatario (R ) | Recomendado para una audiencia mayor a 18 años |
| 545 ## - DATOS BIOGRÁFICOS O HISTÓRICOS | |
| Datos bigr´ficos o históricos | Incluye datos biográficos del autor |
| 586 ## - • NOTA DE PREMIOS | |
| Nota de premios | Premio vivencias, 1973 |
| 586 ## - • NOTA DE PREMIOS | |
| Nota de premios | IV Premio Internacional Rómulo Gallegos, 1989 |
| 650 17 - • PUNTO DE ACCESO ADICIONAL DE MATERIA - TÉRMINO DE MATERIA | |
| Término de materia o nombre geográfico como elemento inicial | Novela colombiana |
| Subdivisión cronológica | Siglo XX |
| Fuente del encabezamiento o término | ARMARC |
| 650 17 - • PUNTO DE ACCESO ADICIONAL DE MATERIA - TÉRMINO DE MATERIA | |
| Término de materia o nombre geográfico como elemento inicial | Literatura colombiana |
| Subdivisión cronológica | Siglo XX |
| Fuente del encabezamiento o término | ARMARC |
| 650 17 - • PUNTO DE ACCESO ADICIONAL DE MATERIA - TÉRMINO DE MATERIA | |
| Término de materia o nombre geográfico como elemento inicial | Problemas sociales |
| Subdivisión de forma | Novela |
| Fuente del encabezamiento o término | ARMARC |
| 942 ## - ENTRADA DE ELEMENTOS AGREGADOS (KOHA) | |
| Fuente de clasificaión o esquema | |
| Koha [por defecto] tipo de item | Libro Literatura |
| Perdido | Fuente de clasificación o esquema | Estado Físico | No para préstamo | Forma de adquisición | Localización permanente | Localización actual | Localización en estanterías | Fecha adquisición | Préstamos totales | Signatura completa | Código de barras | Fecha última consulta | Número de copia | Fecha del precio de reemplazo | Tipo de item de Koha |
|---|---|---|---|---|---|---|---|---|---|---|---|---|---|---|---|
| Dewey Decimal Classification | Colección General | Biblioteca Pública Cubarral | Biblioteca Pública Cubarral | Literatura | 07/31/2023 | N MEJ4 | CUB01400 | 07/31/2023 | Ej.1 | 07/31/2023 | Libro Literatura | ||||
| Dewey Decimal Classification | Colección General | Biblioteca Pública Fuentedeoro - Henry Llanos García | Biblioteca Pública Fuentedeoro - Henry Llanos García | Literatura | 07/13/2023 | N MEJ4 | Fo00001358 | 07/13/2023 | Ej.1 | 07/13/2023 | Libro Literatura | ||||
| Dewey Decimal Classification | Colección General | Biblioteca Pública Puerto Lleras | Biblioteca Pública Puerto Lleras | Literatura | 02/24/2025 | N MEJ4 | PLL02019 | 02/24/2025 | Ej.1 | 02/24/2025 | Libro Literatura | ||||
| Dewey Decimal Classification | Colección General | Biblioteca Pública San Carlos de Guaroa - Eduardo Carranza | Biblioteca Pública San Carlos de Guaroa - Eduardo Carranza | Literatura | 04/16/2024 | N MEJ4 | SSG01725 | 04/16/2024 | Ej.1 | 04/16/2024 | Libro Literatura | ||||
| Dewey Decimal Classification | Colección General | Biblioteca Pública El Castillo - Alfonso Meneses | Biblioteca Pública El Castillo - Alfonso Meneses | Literatura | 07/11/2023 | N MEJ4 | EC02106 | 07/11/2023 | Ej.1 | 07/11/2023 | Libro Literatura | ||||
| Dewey Decimal Classification | Colección General | Biblioteca Pública Guamal | Biblioteca Pública Guamal | Literatura | 01/31/2023 | NMEJ4 | GUA000371 | 01/31/2023 | Ej.1 | 01/31/2023 | Libro Literatura |